[Event "Creon op 28th"]
[Site "Creon"]
[Date "2024.07.31"]
[Round "4"]
[White "Travadon, Loic"]
[Black "Darrigrand, Thomas"]
[Result "1-0"]
[WhiteElo "2458"]
[BlackElo "1906"]
[PlyCount "67"]
[EventDate "2024.07.29"]
[EventType "swiss"]
[EventRounds "9"]
[EventCountry "FRA"]
[SourceTitle "CBM 221 Extra"]
[Source "ChessBase"]
[SourceDate "2024.09.30"]
[SourceVersion "1"]
[SourceVersionDate "2024.09.30"]
[SourceQuality "1"]

1. e4 c5 2. Nc3 Nc6 3. Bb5 Nd4 4. Nf3 a6 5. Bd3 g6 6. b4 d6 7. bxc5 dxc5 8. Rb1 Bg7 9. Na4 Qc7 10. Nb6 Rb8 11. Nxd4 Bxd4 12. Nd5 Qd8 13. Bxa6 Nf6 14. Nxf6+ exf6 15. Bb5+ Bd7 16. c3 Be5 17. Qa4 Qc7 18. Ba3 b6 19. d4 cxd4 20. cxd4 Qc3+ 21. Ke2 Qxd4 22. Bxd7+ Qxd7 23. Qb4 Qg4+ 24. Kf1 Rb7 25. h3 Qe6 26. g3 Rd7 27. Kg2 Bd6 28. Qa4 Qxa2 29. Qa8+ Rd8 30. Qc6+ Ke7 31. Qc7+ Ke6 32. Bxd6 Rxd6 33. Rxb6 Qd2 34. Rhb1 1-0